=LDR 00000nam 2200000 4500 =001 INLIS000000000025902 =005 20130612124358 =008 ***********************************InD** =035 ##$$0010-061300000025902 =041 ##$$a InD =082 ##$$a 650 =090 ##$$a 650, Irm m =100 ##$$a Irmim, Soejano =245 ##$$a Menuju puncak sukses, Seojatno Irmim =260 ##$$a 2000 $b jakarta =300 ##$$a 181 hlm, 21 cm =650 ##$$a Manajemen =850 ##$$a NBPNMAT